000 00316nam a2200133Ia 4500
005 20260328104326.0
008 260328s9999||||xx |||||||||||||| ||und||
100 _aTaschen, Angelika
245 0 _aLiving in Provence /
_cAngelika Taschen
260 _bTaschen
300 _a474 p.
650 _aCOMEDOR
942 _cBK
999 _c11530
_d11530